000 00511nam a2200157 i 4500
001 100712
003 ES-MaACL
005 20230906182730.0
007 t|
008 051004s1973 sp ||||1| spa d
245 0 0 _aMatematicas. 5º nivel de E.G.B.
_b: libro de consulta /
_cLuis Rico Romero, Oscar Sènz Barrio, Antonio Corpas Herenas.
260 _aGranada :
_bEuclides,
_c1973.
300 _a3 h., 135 p. :
_bil. ;
_c19 cm.
700 1 _aRico Romero, Luis.
_997034
852 _aES-MaACL
_jC-54950
_bR.87613
999 _c100712
_d100712